[Event "Online Olym Top DivD 2021"]
[Site "chess.com INT"]
[Date "2021.09.09"]
[Round "6.1"]
[Board "6"]
[White "Van Foreest, Machteld"]
[Black "Caicedo Anguila, Juliana"]
[Result "1-0"]
[WhiteElo "2132"]
[BlackElo "1583"]
[WhiteTeam "Netherlands"]
[BlackTeam "Colombia"]
[WhiteFideId "1051563"]
[BlackFideId "4451740"]
[EventDate "2021.09.08"]
[EventType "team"]

1. e4 e6 2. d4 d5 3. Nd2 dxe4 4. Nxe4 Nd7 5. g3 Ngf6 6. Nxf6+ Nxf6 7. Bg2 Be7 8.
Nf3 O-O 9. O-O c6 10. b3 Qc7 11. Bb2 Bd6 12. Qe2 Re8 13. c4 Bd7 14. Rad1 Rad8
15. Ne5 c5 16. dxc5 Bxc5 17. Nxd7 Nxd7 18. Qg4 Bf8 19. Qh4 Nc5 20. Be5 Qc8 21.
b4 Nd7 22. Bc3 b6 23. Be4 h6 24. Bb1 Qb7 25. Qg4 Nb8 26. Qe2 Qc6 27. Qc2 g6 28.
Qe2 Bg7 29. Bxg7 Kxg7 30. Qb2+ Kh7 31. Qf6 Qc7 32. Rxd8 Rxd8 33. h4 Rg8 34. h5
Qd7 35. Bc2 Nc6 36. Rd1 Qe7 37. hxg6+ fxg6 38. Qxe7+ Nxe7 39. Rd7 Re8 40. Ba4
Kg8 41. Rb7 Rc8 42. Rxe7 Rxc4 43. Bb3 Rxb4 44. Bxe6+ Kf8 45. Rxa7 1-0

[Event "Online Olym Top DivD 2021"]
[Site "chess.com INT"]
[Date "2021.09.09"]
[Round "6.2"]
[Board "2"]
[White "Lima, Darcy"]
[Black "Jones, Gawain C B"]
[Result "0-1"]
[WhiteTitle "GM"]
[BlackTitle "GM"]
[WhiteElo "2508"]
[BlackElo "2684"]
[WhiteTeam "Brazil"]
[BlackTeam "England"]
[WhiteFideId "2100045"]
[BlackFideId "409561"]
[EventDate "2021.09.08"]
[EventType "team"]

1. d4 Nf6 2. c4 g6 3. Nc3 Bg7 4. e4 d6 5. Be2 O-O 6. Be3 e5 7. d5 Na6 8. g4 Nc5
9. f3 h5 10. g5 Nh7 11. h4 f6 12. Qd2 fxg5 13. hxg5 Rf4 14. Bxf4 exf4 15. Qxf4
Nxg5 16. Qe3 Be5 17. f4 Bxc3+ 18. Qxc3 Ngxe4 19. Qe3 Qf6 20. O-O-O Na4 21. Rd4
Bf5 22. Bd3 Ng3 23. Rh2 Bxd3 24. Qxd3 Nf5 25. Ne2 Nc5 26. Qc3 Nxd4 27. Qxd4 Qxd4
28. Nxd4 Nd3+ 29. Kc2 Nxf4 30. b4 a6 31. a4 Re8 32. a5 Re4 33. Kc3 Re3+ 34. Kc2
Re4 35. Kc3 Kg7 36. b5 Re3+ 37. Kc2 Kf6 38. b6 cxb6 39. axb6 g5 40. Nb3 g4 41.
Rf2 Kg5 42. Rd2 g3 43. c5 g2 44. Rd1 dxc5 45. Nxc5 Re5 46. Nxb7 Rxd5 47. Rg1 h4 0-1

[Event "Online Olym Top DivD 2021"]
[Site "chess.com INT"]
[Date "2021.09.09"]
[Round "6.2"]
[Board "3"]
[White "Toma, Katarzyna"]
[Black "Terao, Juliana Sayumi"]
[Result "0-1"]
[WhiteTitle "WGM"]
[BlackTitle "FM"]
[WhiteElo "2289"]
[BlackElo "2252"]
[WhiteTeam "England"]
[BlackTeam "Brazil"]
[WhiteFideId "1119907"]
[BlackFideId "2109220"]
[EventDate "2021.09.08"]
[EventType "team"]

1. e4 c5 2. Nf3 e6 3. d4 cxd4 4. Nxd4 a6 5. c4 Nf6 6. Nc3 Qc7 7. Be2 Be7 8. Qd3
d6 9. O-O Nbd7 10. Be3 O-O 11. f3 b6 12. Rac1 Bb7 13. Qd2 Rfe8 14. Rfd1 Rac8 15.
Bf1 Qb8 16. Qf2 Bd8 17. g4 Ne5 18. g5 Nfd7 19. b3 Nc5 20. Qg3 Bc7 21. f4 Ng6 22.
Bg2 Qa8 23. h4 Nxe4 24. Nxe4 Bxe4 25. h5 Ne7 26. Rd2 e5 27. Bh3 exd4 28. Bxd4
Nf5 29. Bxf5 Bxf5 30. h6 Qe4 31. Bf2 d5 32. Qc3 d4 33. Rxd4 Qe2 34. Rd2 Qg4+ 35.
Bg3 gxh6 36. gxh6 Re6 0-1

[Event "Online Olym Top DivD 2021"]
[Site "chess.com INT"]
[Date "2021.09.09"]
[Round "6.2"]
[Board "4"]
[White "Alboredo, Julia"]
[Black "Kueh, Audrey"]
[Result "1/2-1/2"]
[WhiteTitle "WFM"]
[WhiteElo "2183"]
[BlackElo "2080"]
[WhiteTeam "Brazil"]
[BlackTeam "England"]
[WhiteFideId "2124807"]
[BlackFideId "421596"]
[EventDate "2021.09.08"]
[EventType "team"]

1. d4 d5 2. c4 c6 3. Nc3 Nf6 4. cxd5 cxd5 5. Nf3 Nc6 6. Bf4 Bf5 7. Qb3 Na5 8.
Qa4+ Bd7 9. Qc2 e6 10. e3 Bb4 11. Ne5 O-O 12. Bd3 Rc8 13. O-O Nc4 14. Bxc4 dxc4
15. e4 Bc6 16. Nxc6 bxc6 17. Rad1 Qa5 18. Rfe1 Rfd8 19. a3 Bxc3 20. Qxc3 Qxc3
21. bxc3 c5 22. f3 cxd4 23. cxd4 h6 24. Be3 Rb8 25. Rb1 c3 26. Rec1 Rb2 27. Rxb2
cxb2 28. Rb1 Rb8 29. Kf2 Rb3 30. a4 Kf8 31. g4 Ke8 32. h4 a5 33. Ke2 Nd7 34. d5
exd5 35. Bd4 dxe4 36. fxe4 Nb6 37. Rxb2 Rxb2+ 38. Bxb2 Nxa4 39. Bxg7 Nc5 40. Ke3
a4 41. Bb2 Kd7 42. Kd4 Nb3+ 43. Kd5 Ke7 44. Ba3+ Kf6 45. e5+ Kg6 46. Kd6 Nd2 47.
Ke7 Nc4 48. h5+ Kg7 49. Bc1 Nxe5 50. g5 hxg5 51. Bxg5 Ng4 52. Bc1 Nf6 53. Bb2
Kh6 54. Bxf6 Kxh5 55. Kxf7 a3 1/2-1/2

[Event "Online Olym Top DivD 2021"]
[Site "chess.com INT"]
[Date "2021.09.09"]
[Round "6.2"]
[Board "5"]
[White "Royal, Shreyas"]
[Black "Labussiere, Victor"]
[Result "0-1"]
[WhiteTitle "CM"]
[BlackTitle "FM"]
[WhiteElo "2280"]
[BlackElo "2291"]
[WhiteTeam "England"]
[BlackTeam "Brazil"]
[WhiteFideId "448869"]
[BlackFideId "2183129"]
[EventDate "2021.09.08"]
[EventType "team"]

1. d4 Nf6 2. c4 g6 3. Nc3 Bg7 4. e4 d6 5. Nge2 O-O 6. Ng3 c6 7. Be2 a6 8. a4
Nbd7 9. O-O e5 10. d5 cxd5 11. cxd5 h5 12. Bg5 Kh7 13. Qd2 Nc5 14. Rab1 Nb3 15.
Qd1 Nd4 16. Bxh5 gxh5 17. Nxh5 Kg6 18. f4 Bg4 19. Qe1 Qb6 20. Kh1 Nxh5 21. Qh4
f5 22. exf5+ Bxf5 23. g4 Rh8 24. Be7 Nxf4 25. Qg5+ Kf7 26. gxf5 Rh5 27. Qg4 Rah8
28. Rf2 Nxf5 29. Ne4 Kxe7 30. Rbf1 Qe3 31. Ng5 Qd3 32. Rc1 Qxd5+ 33. Nf3 Kf6 34.
Rd2 Qe6 35. Rc7 Ne7 36. Qg3 Bf8 37. Nd4 Qh3 38. Qg1 Rg8 39. Qf2 Rg2 40. Qxg2
Nxg2 41. Rxg2 exd4 0-1

[Event "Online Olym Top DivD 2021"]
[Site "chess.com INT"]
[Date "2021.09.09"]
[Round "6.2"]
[Board "6"]
[White "De Freitas, Isabella Ribeiro Conti"]
[Black "Jaufarally, Nadia"]
[Result "1-0"]
[WhiteElo "1909"]
[BlackElo "1905"]
[WhiteTeam "Brazil"]
[BlackTeam "England"]
[WhiteFideId "2173328"]
[BlackFideId "443727"]
[EventDate "2021.09.08"]
[EventType "team"]

1. c4 c5 2. g3 Nc6 3. Bg2 g6 4. Nf3 Bg7 5. O-O e5 6. Nc3 Nge7 7. d3 f5 8. a3 O-O
9. Rb1 d6 10. Ne1 a5 11. Nc2 f4 12. b4 axb4 13. axb4 cxb4 14. Nxb4 Qa5 15. Nbd5
Nf5 16. Bd2 fxg3 17. hxg3 Qc5 18. Rb5 Qa7 19. Nb6 Rb8 20. Ncd5 Nfd4 21. Rb1 Qa3
22. e3 Ne6 23. Rb3 Qa7 24. Qc1 Nc5 25. Ra3 Na6 26. Qc2 Bg4 27. Rb1 Rbe8 28. Nc7
Rc8 29. Nxc8 Rxc8 30. Nxa6 bxa6 31. Qa4 Ne7 32. Qxa6 Qd7 33. Rb6 d5 34. Rd6 Qf5
35. Qb6 Rf8 36. e4 Qf7 37. Rd8 dxe4 38. Rxf8+ Qxf8 39. Bxe4 1-0

[Event "Online Olym Top DivD 2021"]
[Site "chess.com INT"]
[Date "2021.09.09"]
[Round "6.3"]
[Board "4"]
[White "Golubeva, Oksana"]
[Black "Sahin, Hayrun Nisa"]
[Result "1-0"]
[WhiteTitle "WFM"]
[BlackTitle "WCM"]
[WhiteElo "2179"]
[BlackElo "2019"]
[WhiteTeam "Canada"]
[BlackTeam "Turkey"]
[WhiteFideId "4170164"]
[BlackFideId "6380875"]
[EventDate "2021.09.08"]
[EventType "team"]

1. Nf3 Nf6 2. e3 g6 3. b3 Bg7 4. Bb2 O-O 5. d4 d6 6. Be2 Nbd7 7. O-O Re8 8. a4
c6 9. Nbd2 Qc7 10. Nc4 Nb6 11. Re1 h6 12. a5 Nxc4 13. Bxc4 e5 14. dxe5 dxe5 15.
e4 Nh5 16. Qc1 Be6 17. Bxe6 Rxe6 18. Bc3 Rd8 19. Qb2 Nf4 20. g3 Nh3+ 21. Kg2 Ng5
22. Nd2 f6 23. Nc4 Ree8 24. Qc1 Ne6 25. Bd2 Kh7 26. Be3 Nd4 27. Qb2 c5 28. c3
Nb5 29. Red1 Nd6 30. Nxd6 Rxd6 31. Qa3 Rxd1 32. Rxd1 Bf8 33. Qa4 Rd8 34. Rxd8
Qxd8 35. Qc4 Qc7 36. b4 b6 37. axb6 axb6 38. h4 Bd6 39. b5 Qe7 40. Qd5 Bc7 41.
Kf3 Kg7 42. Ke2 h5 43. Kd3 Qd6 44. Qxd6 Bxd6 45. Kc4 Kf7 46. Kd5 Bc7 47. Kc6 Bd8
48. Kd7 Be7 49. Kc7 1-0

[Event "Online Olym Top DivD 2021"]
[Site "chess.com INT"]
[Date "2021.09.09"]
[Round "6.3"]
[Board "6"]
[White "Demchenko, Svitlana"]
[Black "Duran, Esma Doga"]
[Result "1-0"]
[WhiteTitle "WIM"]
[BlackTitle "WFM"]
[WhiteElo "2285"]
[BlackElo "1976"]
[WhiteTeam "Canada"]
[BlackTeam "Turkey"]
[WhiteFideId "14149893"]
[BlackFideId "6390196"]
[EventDate "2021.09.08"]
[EventType "team"]

1. e4 e6 2. d4 d5 3. Nd2 Nf6 4. e5 Nfd7 5. Bd3 c5 6. c3 Nc6 7. Ngf3 g5 8. dxc5
Ndxe5 9. Bb5 Bd7 10. Qe2 Qf6 11. Bxc6 Nxc6 12. Nb3 h6 13. Be3 Bg7 14. Nfd4 O-O
15. O-O e5 16. Nb5 Rad8 17. Rad1 Be6 18. Nd6 b6 19. Qb5 Bd7 20. Qa6 bxc5 21.
Bxc5 Ne7 22. Qxa7 Bg4 23. f3 Be6 24. Ne4 dxe4 25. Bxe7 Ra8 26. Qxa8 Rxa8 27.
Bxf6 Bxf6 28. fxe4 Be7 29. Nc1 Bc5+ 30. Kh1 Bxa2 31. Nxa2 Rxa2 32. Rd8+ Kg7 33.
b4 Be7 34. Rd7 Kf8 35. Rc7 Rb2 36. h3 h5 37. g4 hxg4 38. hxg4 Re2 39. b5 Rb2 40.
c4 1-0

[Event "Online Olym Top DivD 2021"]
[Site "chess.com INT"]
[Date "2021.09.09"]
[Round "6.4"]
[Board "1"]
[White "Cori, Jorge"]
[Black "Robson, Ray"]
[Result "0-1"]
[WhiteTitle "GM"]
[BlackTitle "GM"]
[WhiteElo "2654"]
[BlackElo "2673"]
[WhiteTeam "Peru"]
[BlackTeam "United States of America"]
[WhiteFideId "3802272"]
[BlackFideId "2023970"]
[EventDate "2021.09.08"]
[EventType "team"]

1. d4 Nf6 2. Nf3 d5 3. Bg5 c5 4. Bxf6 gxf6 5. c3 Nc6 6. e3 e5 7. Be2 e4 8. Nh4
f5 9. g3 f4 10. exf4 cxd4 11. cxd4 Bg7 12. O-O O-O 13. Nc3 Nxd4 14. Rc1 f5 15.
Ng2 Be6 16. Qd2 Nxe2+ 17. Nxe2 d4 18. Rfd1 Qb6 19. b3 Rfd8 20. h3 a5 21. Qe1 Qb4
22. Qd2 Qxd2 23. Rxd2 d3 24. Nc3 Rac8 0-1

[Event "Online Olym Top DivD 2021"]
[Site "chess.com INT"]
[Date "2021.09.09"]
[Round "6.4"]
[Board "2"]
[White "Swiercz, Dariusz"]
[Black "Cordova, Emilio"]
[Result "1-0"]
[WhiteTitle "GM"]
[BlackTitle "GM"]
[WhiteElo "2647"]
[BlackElo "2556"]
[WhiteTeam "United States of America"]
[BlackTeam "Peru"]
[WhiteFideId "1126881"]
[BlackFideId "3801497"]
[EventDate "2021.09.08"]
[EventType "team"]

1. e4 c5 2. Nf3 Nc6 3. Bb5 g6 4. O-O Bg7 5. c3 Nf6 6. Re1 O-O 7. d4 cxd4 8. cxd4
d6 9. h3 a6 10. Bxc6 bxc6 11. Nc3 Rb8 12. Qc2 Qa5 13. Bd2 Qh5 14. Ne2 Qb5 15. b3
a5 16. Rac1 Bb7 17. Nc3 Qa6 18. e5 dxe5 19. dxe5 Nd5 20. Na4 Bc8 21. Nd4 Bb7 22.
Nc5 Qb6 23. Qe4 e6 24. Nd7 Qa6 25. Nxb8 Rxb8 26. Qc2 Bf8 27. Nf3 c5 28. Ng5 a4
29. Ne4 Rc8 30. Qc4 Qa8 31. Qxa4 Qxa4 32. bxa4 c4 33. a5 Ba6 34. Nf6+ Nxf6 35.
exf6 Bc5 36. Bc3 g5 37. Red1 h5 38. Rc2 g4 39. Kh2 Kh7 40. h4 Kg6 41. Re2 Ba7
42. Rd7 Bb8+ 43. Kg1 Bb5 44. Rd1 Bc6 45. Red2 Bc7 46. Rd4 Bb5 47. Rb1 Ba6 48.
Rd7 g3 49. Kf1 gxf2 50. Kxf2 Bd8 51. Ra7 Rc6 52. Rb8 Bc7 53. Rg8+ Kf5 54. a4 Ke4
55. Ke2 e5 56. Rga8 1-0

[Event "Online Olym Top DivD 2021"]
[Site "chess.com INT"]
[Date "2021.09.09"]
[Round "6.4"]
[Board "3"]
[White "Cori T., Deysi"]
[Black "Zatonskih, Anna"]
[Result "1/2-1/2"]
[WhiteTitle "WGM"]
[BlackTitle "IM"]
[WhiteElo "2382"]
[BlackElo "2423"]
[WhiteTeam "Peru"]
[BlackTeam "United States of America"]
[WhiteFideId "3801934"]
[BlackFideId "14101572"]
[EventDate "2021.09.08"]
[EventType "team"]

1. d4 d5 2. Nf3 Nf6 3. c4 e6 4. e3 Be7 5. Nbd2 O-O 6. h3 b6 7. cxd5 exd5 8. Bd3
Bb7 9. O-O Nbd7 10. b3 Bd6 11. Bb2 Re8 12. Rc1 Qe7 13. Qc2 Rac8 14. Ne5 g6 15.
Nc6 Bxc6 16. Qxc6 Nb8 17. Qb7 c6 18. Qxe7 Rxe7 19. Rc2 Rec7 20. Rfc1 Be7 21. Nf3
Nfd7 22. g4 a5 23. Kg2 Bd6 24. g5 Nf8 25. h4 Ne6 26. Ne1 c5 27. dxc5 bxc5 28.
Be2 Nc6 29. Rd2 d4 30. Bc4 Ng7 31. Nf3 Nf5 32. Re1 Ne5 33. Nxe5 Bxe5 34. exd4
Bxd4 35. Bxd4 Nxd4 36. Re4 Kg7 37. Rd1 h6 38. Rh1 Rh8 39. gxh6+ Rxh6 40. Rh3 Rc6
41. Re5 Nf5 42. h5 Kf6 43. Rd5 Rxh5 44. Rxh5 gxh5 45. Rd7 Nd6 46. Bd5 Rb6 47. f4
Kf5 48. Kf3 h4 49. Rd8 Nb5 50. Be4+ Kf6 51. Rh8 Nd4+ 52. Kg4 Re6 53. Bd5 Re1 54.
Rh6+ Ke7 55. Rh7 Rg1+ 56. Kxh4 Kd6 57. Bb7 Nf5+ 58. Kh3 Ke7 59. Bd5 Nd6 60. Rh5
Kf6 61. Rh6+ Ke7 62. Rh5 Kf6 63. Rh6+ Ke7 64. Rh5 1/2-1/2

[Event "Online Olym Top DivD 2021"]
[Site "chess.com INT"]
[Date "2021.09.09"]
[Round "6.4"]
[Board "4"]
[White "Paikidze, Nazi"]
[Black "Chumpitaz, Ann"]
[Result "1/2-1/2"]
[WhiteTitle "IM"]
[BlackTitle "WIM"]
[WhiteElo "2374"]
[BlackElo "2244"]
[WhiteTeam "United States of America"]
[BlackTeam "Peru"]
[WhiteFideId "13603620"]
[BlackFideId "3804178"]
[EventDate "2021.09.08"]
[EventType "team"]

1. d4 Nf6 2. Nf3 g6 3. Nbd2 d5 4. e3 Bg7 5. Bd3 O-O 6. b3 b6 7. Bb2 Bb7 8. O-O
c5 9. Qe2 Nc6 10. a3 Qc7 11. c4 cxd4 12. exd4 Rad8 13. Rfe1 e6 14. Rac1 Qb8 15.
g3 dxc4 16. bxc4 Qa8 17. Ne4 Nxe4 18. Bxe4 Nxd4 19. Nxd4 Bxd4 20. Bxd4 Rxd4 21.
Bxb7 Qxb7 22. c5 bxc5 23. Rxc5 Rfd8 24. Rec1 Rd2 25. Qe1 Qf3 26. Rc8 Rd5 27. a4
h5 28. h4 Kh7 29. R8c3 Qg4 30. Rc4 Rd4 31. Rxd4 Rxd4 32. a5 Qf3 33. Rc7 a6 34.
Kh2 Rd5 35. Rc3 Qf5 36. Ra3 Re5 37. Qd2 Rc5 38. Ra2 Qd5 39. Qxd5 Rxd5 40. Kg2
Kg7 41. Kf3 Rb5 42. Ke3 Rd5 43. Ra4 Kf6 44. Rf4+ Ke7 45. Ra4 Kd6 46. Ra1 Kc6 47.
Ke4 Kb5 48. f3 Kb4 49. g4 Rxa5 50. Rb1+ Kc4 51. Rc1+ Kb3 52. Rc7 f5+ 53. gxf5
exf5+ 54. Kf4 Ra1 55. Rb7+ Kc4 56. Rb6 a5 57. Rxg6 Rh1 58. Kxf5 Rxh4 59. Kg5 Rh1
60. Ra6 Kb5 61. Ra8 h4 62. Kg4 a4 63. f4 Kb4 64. Rb8+ Kc3 65. Rc8+ Kb3 66. Rb8+
Ka2 67. f5 a3 68. f6 Rf1 69. Rb6 Ka1 70. Kxh4 a2 71. Kg5 Rb1 72. Ra6 Rg1+ 73.
Kh6 Kb2 74. f7 Rf1 75. Kg7 a1=Q 76. Rxa1 Kxa1 77. f8=Q Rxf8 78. Kxf8 1/2-1/2

[Event "Online Olym Top DivD 2021"]
[Site "chess.com INT"]
[Date "2021.09.09"]
[Round "6.4"]
[Board "5"]
[White "Quirhuayo Chumbe, German Gonzalo"]
[Black "Liang, Awonder"]
[Result "0-1"]
[WhiteTitle "IM"]
[BlackTitle "GM"]
[WhiteElo "2296"]
[BlackElo "2590"]
[WhiteTeam "Peru"]
[BlackTeam "United States of America"]
[WhiteFideId "3813509"]
[BlackFideId "2056437"]
[EventDate "2021.09.08"]
[EventType "team"]

1. e4 c6 2. Nc3 d5 3. Nf3 Bg4 4. h3 Bxf3 5. Qxf3 e6 6. d3 Nf6 7. Bd2 a5 8. g4
Na6 9. g5 Nd7 10. O-O-O a4 11. exd5 cxd5 12. d4 Be7 13. h4 Nb4 14. Kb1 a3 15. b3
Rc8 16. Rc1 Qb6 17. Nb5 Nc6 18. c3 O-O 19. Bd3 Na5 20. Ka1 Nc4 21. bxc4 dxc4 22.
Bc2 Qxb5 23. Rb1 Qc6 24. Be4 Qd6 25. Qh5 f5 26. Bc2 e5 27. Rhg1 g6 28. Qf3 Rf7
29. h5 Bf8 30. hxg6 hxg6 31. Rgd1 exd4 32. Bf4 Qe6 33. cxd4 Qc6 34. Qxc6 bxc6
35. Rb7 Ne5 36. Rb6 Ng4 37. f3 Nf2 38. Rd2 Nh3 39. Be5 Nxg5 40. Rg2 Nxf3 41.
Rxg6+ Bg7 42. Bxg7 Rxg7 43. Rxg7+ Kxg7 44. Bxf5 Re8 45. Bd7 Re1+ 46. Rb1 Rxb1+
47. Kxb1 Nxd4 48. Kc1 Kf6 49. Kd2 Ke5 50. Kc3 Kd5 51. Kb4 c5+ 52. Kc3 Ne2+ 53.
Kd2 Ng3 0-1

[Event "Online Olym Top DivD 2021"]
[Site "chess.com INT"]
[Date "2021.09.09"]
[Round "6.4"]
[Board "6"]
[White "Cervantes Landeiro, Thalia"]
[Black "Caballero Quijano, Mitzy Mishell"]
[Result "1/2-1/2"]
[WhiteTitle "FM"]
[BlackTitle "WIM"]
[WhiteElo "2175"]
[BlackElo "1996"]
[WhiteTeam "United States of America"]
[BlackTeam "Peru"]
[WhiteFideId "3520498"]
[BlackFideId "3807223"]
[EventDate "2021.09.08"]
[EventType "team"]

1. d4 d5 2. c4 e6 3. Nc3 Nf6 4. cxd5 exd5 5. Bg5 Be7 6. e3 h6 7. Bh4 O-O 8. Bd3
c6 9. Qc2 Nbd7 10. Nge2 Re8 11. f3 Nf8 12. O-O Be6 13. Rad1 N6h7 14. Bf2 Qd7 15.
e4 dxe4 16. fxe4 Nf6 17. Nf4 Bg4 18. Rd2 Ne6 19. Nxe6 Bxe6 20. d5 Bg4 21. dxc6
bxc6 22. Bc4 Qb7 23. e5 Nd7 24. Bg3 Be6 25. Ne4 Bd5 26. Nd6 Bxd6 27. exd6 Nb6
28. Bb3 Rad8 29. Rdf2 Rd7 30. Rc1 Nc8 31. Bxd5 cxd5 32. Qa4 Red8 33. Rc7 Rxc7
34. dxc7 Rf8 35. h3 Qb6 36. Qd7 Qe6 37. Qxe6 fxe6 38. Re2 Kf7 39. Be5 Rg8 40. b4
Ke7 41. a4 Kd7 42. b5 Nb6 43. Rf2 Ke7 44. a5 Nc4 45. Bd4 Nxa5 46. Bxa7 Nb7 47.
Bd4 Kd7 48. Rf7+ Kc8 49. b6 Nd6 50. Rf2 Kb7 51. Ra2 g5 52. Ra7+ Kc6 53. Ra6 Nb5
54. Bf2 Kb7 55. Ra1 d4 56. Ra5 Kxb6 57. Ra4 e5 58. Bg3 Re8 59. Bxe5 Nxc7 60.
Bxd4+ Kb5 61. Ra7 Nd5 62. Rh7 Re6 63. Bg7 Nf4 64. Rxh6 Re2 65. Bf6 Rxg2+ 66. Kf1
Rg3 67. h4 gxh4 68. Bxh4 Rf3+ 69. Kg1 Nd3 70. Be7 Kc4 71. Rh4+ Kc3 72. Kg2 1/2-1/2

[Event "Online Olym Top DivD 2021"]
[Site "chess.com INT"]
[Date "2021.09.09"]
[Round "6.5"]
[Board "1"]
[White "Albornoz Cabrera, Carlos Daniel"]
[Black "Duda, Jan-Krzysztof"]
[Result "0-1"]
[WhiteTitle "GM"]
[BlackTitle "GM"]
[WhiteElo "2567"]
[BlackElo "2756"]
[WhiteTeam "Cuba"]
[BlackTeam "Poland"]
[WhiteFideId "3518736"]
[BlackFideId "1170546"]
[EventDate "2021.09.08"]
[EventType "team"]

1. Nf3 d5 2. d4 Nf6 3. c4 e6 4. Nc3 Be7 5. Bg5 h6 6. Bh4 O-O 7. e3 b6 8. Rc1 Bb7
9. Bxf6 Bxf6 10. cxd5 exd5 11. Be2 Nd7 12. O-O c6 13. Qc2 Re8 14. Rfd1 Qe7 15.
Bd3 g6 16. Ne2 Red8 17. Nf4 Bg7 18. Qe2 a5 19. Qc2 a4 20. a3 Ra5 21. h4 c5 22.
Qd2 Rda8 23. Bb1 c4 24. h5 g5 25. Ne2 b5 26. Ng3 Bf8 27. Qc2 Nf6 28. Ne5 Qe6 29.
Qe2 b4 30. axb4 Bxb4 31. f4 gxf4 32. exf4 a3 33. bxa3 Rxa3 34. Nf5 Bf8 35. Re1
Rb3 36. Qf2 Ne4 37. Bxe4 dxe4 38. Ne3 c3 39. Qg3+ Kh7 40. f5 Qd6 41. Kh1 Rc8 42.
N3g4 Bd5 43. Qh4 Be7 44. f6 Bf8 45. Ne3 Rc7 46. Qf4 Bb7 47. Qf5+ Kh8 48. Rf1
Qxd4 49. N3g4 c2 50. Qf4 Rcc3 51. Nxf7+ Kg8 52. Ngxh6+ Bxh6 53. Nxh6+ Kf8 54.
Qb8+ Bc8 55. Qf4 Qd5 56. Nf5 Bxf5 57. Qh6+ Ke8 58. Qg7 Rb7 59. Qh8+ Kd7 60. Rxf5
Qxf5 61. f7 Rb1 62. Qe8+ Kc7 63. Qe7+ Kc6 64. Qe8+ Kb7 65. Qe7+ Rc7 66. f8=Q
Qxh5+ 67. Kg1 Rxc1+ 68. Kf2 Rf1+ 0-1

[Event "Online Olym Top DivD 2021"]
[Site "chess.com INT"]
[Date "2021.09.09"]
[Round "6.5"]
[Board "2"]
[White "Wojtaszek, Radoslaw"]
[Black "Martinez Duany, Lelys Stanley"]
[Result "1-0"]
[WhiteTitle "GM"]
[BlackTitle "GM"]
[WhiteElo "2698"]
[BlackElo "2520"]
[WhiteTeam "Poland"]
[BlackTeam "Cuba"]
[WhiteFideId "1118358"]
[BlackFideId "3504727"]
[EventDate "2021.09.08"]
[EventType "team"]

1. c4 Nf6 2. Nf3 g6 3. d4 Bg7 4. g3 O-O 5. Bg2 d6 6. Nc3 Nbd7 7. O-O e5 8. e4 c6
9. h3 a5 10. Be3 Re8 11. Qc2 Qe7 12. Rad1 exd4 13. Nxd4 Nc5 14. Rfe1 a4 15. f4
Nfd7 16. Bf2 Qd8 17. Nf3 Qa5 18. Rxd6 Nb6 19. e5 Nxc4 20. Rd4 Nb6 21. Red1 Bf5
22. Qe2 Ne6 23. R4d2 a3 24. Nh4 axb2 25. Nxf5 gxf5 26. Rxb2 Qxc3 27. Rxb6 Red8
28. Rxb7 Rxd1+ 29. Qxd1 Rxa2 30. Qd7 1-0

[Event "Online Olym Top DivD 2021"]
[Site "chess.com INT"]
[Date "2021.09.09"]
[Round "6.5"]
[Board "3"]
[White "Forgas Moreno, Yaniela"]
[Black "Zawadzka, Jolanta"]
[Result "0-1"]
[WhiteTitle "WIM"]
[BlackTitle "WGM"]
[WhiteElo "2310"]
[BlackElo "2407"]
[WhiteTeam "Cuba"]
[BlackTeam "Poland"]
[WhiteFideId "3508072"]
[BlackFideId "1122320"]
[EventDate "2021.09.08"]
[EventType "team"]

1. e4 c5 2. Nc3 Nc6 3. Bb5 Nd4 4. Bc4 a6 5. Nf3 b5 6. Bd5 Rb8 7. Nxd4 cxd4 8.
Ne2 e6 9. Bb3 Bc5 10. O-O Ne7 11. d3 O-O 12. f4 f5 13. Ng3 Bb7 14. Kh1 Kh8 15.
Bd2 Qc7 16. Qh5 Rf6 17. Rae1 Rbf8 18. Qe2 Rh6 19. Rc1 Qd8 20. Qe1 Ng6 21. Rf3
Nh4 22. Rf1 d6 23. a4 b4 24. Bxb4 fxe4 25. Nxe4 Bxe4 26. dxe4 Nxg2 27. Kxg2 Bxb4
28. Qf2 Bc5 29. Kh1 d3 30. Qg3 dxc2 31. Bxc2 Qb6 32. b3 Rhf6 33. f5 exf5 34.
Rxf5 Rxf5 35. exf5 Bd4 36. Rf1 Rc8 37. Be4 Be5 38. Qh3 Qd4 39. Qd3 Qb2 40. Qh3
Bf6 41. Qg3 Qd4 42. Qd3 Qb6 43. Bd5 a5 44. Bc4 Re8 45. Qd2 Re5 46. Re1 Qc6+ 47.
Kg1 Rxe1+ 48. Qxe1 Bd4+ 49. Kf1 Qf3+ 0-1

[Event "Online Olym Top DivD 2021"]
[Site "chess.com INT"]
[Date "2021.09.09"]
[Round "6.5"]
[Board "4"]
[White "Cyfka, Karina"]
[Black "Miranda Llanes, Yerisbel"]
[Result "1-0"]
[WhiteTitle "IM"]
[BlackTitle "WIM"]
[WhiteElo "2405"]
[BlackElo "2259"]
[WhiteTeam "Poland"]
[BlackTeam "Cuba"]
[WhiteFideId "1122681"]
[BlackFideId "3507700"]
[EventDate "2021.09.08"]
[EventType "team"]

1. d4 Nf6 2. c4 e6 3. Nf3 d5 4. Nc3 Bb4 5. Qa4+ Nc6 6. e3 O-O 7. Bd2 dxc4 8.
Bxc4 Bd6 9. O-O e5 10. d5 Ne7 11. e4 Ng6 12. Qc2 a6 13. a4 Nh5 14. Ne1 Nhf4 15.
Ne2 Qf6 16. b4 Bg4 17. Ng3 h5 18. f3 Bd7 19. a5 Qg5 20. Kh1 h4 21. Nf5 Bxf5 22.
exf5 Ne7 23. Bd3 Nexd5 24. Rb1 Rac8 25. b5 Qe7 26. bxa6 bxa6 27. Bxa6 Rb8 28.
Bb7 Nb4 29. Qe4 c5 30. a6 Qc7 31. Nc2 Nfd3 32. Nxb4 Nxb4 33. f6 g6 34. Bh6 Rfd8
35. Qxh4 1-0

[Event "Online Olym Top DivD 2021"]
[Site "chess.com INT"]
[Date "2021.09.09"]
[Round "6.5"]
[Board "5"]
[White "Alvarez Calzadilla, Jose Avelino"]
[Black "Teclaf, Pawel"]
[Result "1/2-1/2"]
[WhiteTitle "FM"]
[BlackTitle "IM"]
[WhiteElo "2287"]
[BlackElo "2543"]
[WhiteTeam "Cuba"]
[BlackTeam "Poland"]
[WhiteFideId "3526151"]
[BlackFideId "1185934"]
[EventDate "2021.09.08"]
[EventType "team"]

1. e4 c5 2. Nf3 e6 3. g3 b6 4. Bg2 Bb7 5. Nc3 Nf6 6. e5 Nd5 7. O-O Be7 8. Nxd5
Bxd5 9. d4 Nc6 10. dxc5 bxc5 11. b3 O-O 12. c4 Bxf3 13. Qxf3 f6 14. exf6 Bxf6
15. Rb1 Rc8 16. Qd3 Nd4 17. Be3 Nf5 18. Bf4 Qe7 19. Be4 Bd4 20. Be3 Bxe3 21.
fxe3 g6 22. Rbd1 Rf7 23. Bxf5 exf5 24. e4 Rc6 25. exf5 Rcf6 26. fxg6 hxg6 27.
Rxf6 Rxf6 28. Rf1 Re6 29. Qd5 Kg7 30. Qf3 Re3 31. Qf4 Re4 32. Qd2 Re2 33. Qc3+
Kg8 34. Qd3 Kg7 35. Rf2 Rxf2 36. Kxf2 Qf6+ 37. Qf3 Qb2+ 38. Qe2 Qd4+ 39. Kg2 d6
40. h4 a5 41. Qf3 Qb2+ 42. Qf2 Qe5 43. Qd2 Kh7 44. Qf4 Qb2+ 45. Kh3 Qxa2 46.
Qf7+ Kh6 47. Qf8+ Kh7 48. Qe7+ Kh6 49. Kg4 Qxb3 50. Qf8+ Kh7 51. Qf7+ Kh6 52.
Qf8+ Kh7 53. Qf7+ Kh6 54. Qf8+ 1/2-1/2